000 00618cam a2200217 i 4500
001 2281517
005 20180221040551.0
008 790910s1980 nyua b 001 0 eng
010 _a 79021421
020 _a0126440808
040 _aDLC
_cDLC
_dDLC
_dWaU
041 _aeng
080 _a301.1572
082 0 0 _a301.1572 SIM
100 _a20
101 _aSHP
245 0 0 _aEarly experiences and early behavior :
_cedited by Edward C. Simmel.
504 _aIncludes bibliographies and indexes.
906 _a7
_bcbc
_corignew
_d1
_eocip
_f19
_gy-gencatlg
942 _2ddc
_cBK
999 _c43008
_d43008